000
00265nam a22001337a 4500
003
SGT
082
_a
370
_b
A06N
100
_a
N.C.E.R.T.
245
_a
AIMS OF EDUCATION
260
_a
NEW DELHI
_b
NCERT
_c
2006
300
_a
8
650
_a
EDUCATION
942
_2
ddc
_c
BK
999
_c
12444
_d
12444